| 000 | 00482nam a22001577a 4500 | ||
|---|---|---|---|
| 020 | _a0471801844 | ||
| 082 | _a658.40302854SMI | ||
| 100 | _aSmith, Jon. M. | ||
| 245 | _aFinancial analysis and business decisions on the pocket calculation | ||
| 260 |
_aLondon _bJohn Wiley _c1976 |
||
| 300 |
_axix,317p _bill,:25cm |
||
| 500 | _aInclude Appendix and Index | ||
| 650 | _aFinancial analysis and business decisions on the pocket calculation | ||
| 700 | _aSmith, Jon. M | ||
| 942 | _cBK | ||
| 999 |
_c14113 _d14113 |
||